| 000 | 00417nam a22001697a 4500 | ||
|---|---|---|---|
| 005 | 20200820101135.0 | ||
| 008 | 200520b xxu||||| |||| 00| 0 eng d | ||
| 020 | _a9788174734150 | ||
| 041 | _aeng | ||
| 082 | _a616 PUN | ||
| 100 |
_aPunia Rajpal S _95652 |
||
| 245 | _aReview of Pathology (Question And Answers) | ||
| 260 |
_aDelhi _bAITBS PUBLISHERS |
||
| 300 | _a310P. | ||
| 650 |
_aPharmacy _96293 |
||
| 942 | _cBK | ||
| 999 |
_c6353 _d6351 |
||